Muscles of upper limb - Groups - Statistics

General Stats
  • This quiz has been taken 44 times
  • The average score is 21 of 41
Answer Stats
Answer % Correct
Biceps brachii
96%
Triceps brachii
96%
Brachialis
80%
Deltoid
72%
Infraspinatus
72%
Supraspinatus
72%
Subscapularis
68%
Teres minor
68%
Teres major
64%
Coracobrachialis
60%
Extensor carpi ulnaris
56%
Flexor carpi radialis
56%
Flexor carpi ulnaris
56%
Flexor pollicis longus
56%
Palmaris longus
56%
Pronator teres
56%
Brachioradialis
52%
Extensor pollicis longus
52%
Extensor carpi radialis longus
48%
Extensor digiti minimi
48%
Flexor digitorum profundus
48%
Flexor digitorum superficialis
48%
Pronator quadratus
48%
Abductor pollicis longus
44%
Extensor carpi radialis brevis
44%
Extensor indicis
44%
Supinator
44%
Abductor digiti minimi
40%
Adductor pollicis
40%
Extensor digitorum
40%
Extensor pollicis brevis
40%
Abductor pollicis brevis
36%
Flexor pollicis brevis
36%
Opponens digiti minimi
36%
Opponens pollicis
36%
Anconeus
32%
Dorsal interossei
32%
Palmar interossei
28%
Flexor digiti minimi brevis
20%
Lumbricals
20%
Palmaris brevis
16%
No matching quizzes found
Score Distribution
Percent of People with Each Score
Percentile by Number Answered
Your Score History
You have not taken this quiz